| 000 | 00831nam a22002897a 4500 | ||
|---|---|---|---|
| 001 | 0007425 | ||
| 003 | KOHA_MİRAKIL | ||
| 005 | 20260207001557.0 | ||
| 007 | ta | ||
| 008 | 090925b1974 tu |||gr||||#||||0|tur | | ||
| 020 | _c0,01 | ||
| 040 |
_aTR-BiSEU _btur _cTR-BiSEU _erda |
||
| 041 | 0 | _atur | |
| 044 | _ctu | ||
| 050 |
_aTS239 _b.D64 1974 |
||
| 100 | 1 | _aDoehler, H.H.. | |
| 245 | 1 |
_aBasınçlı döküm/ _cH.H. Doehler ; H.H. Doehler; çev. Şevki Bayvas. |
|
| 264 | 1 |
_aAnkara : _bErkek Teknik Yüksek Öğretmen Okulu _c1974 |
|
| 300 | _a514 sayfa: resimli, tablo; 24 cm. | ||
| 336 |
_ametin _btxt _2rdacontent |
||
| 337 |
_aaracısız _bn _2rdamedia |
||
| 338 |
_acilt _bnc _2rdacarrier |
||
| 650 | 0 |
_aDöküm--Basınçlı. _918466 |
|
| 650 | 0 |
_aCasting--Pressure. _918467 |
|
| 650 | 0 |
_a _95500 |
|
| 942 |
_2lcc _cBK |
||
| 999 |
_c7403 _d7403 |
||